| 000 | 00889nam a2200229Ia 4500 | ||
|---|---|---|---|
| 005 | 20250108125103.0 | ||
| 008 | 008 250107s9999 xx 000 0 hin d | ||
| 020 | _a978-93-6076-801-0 | ||
| 037 | _aTB | ||
| 040 |
_aCRL _bhin _cCRL |
||
| 041 |
_ahin _2hin |
||
| 084 | _aV231.P1 Q3 | ||
| 084 | _qCRL | ||
| 100 | _aमाहेश्वरी, अरूण, ले. | ||
| 245 | 0 |
_aविच्छिन्नता: एक मार्क्सवादी - लकानियन विश्लेषण _cमाहेश्वरी, अरूण, ले. |
|
| 260 |
_aबीकानेर, भारत _bसूर्य प्रकाशन मन्दिर _c3262 |
||
| 300 | _a114पृ0 | ||
| 365 |
_aINR _b699 |
||
| 650 |
_aमार्क्सवादसमाजशास्त्र _9162706 |
||
| 942 |
_cTB _hV231.P1 Q3 |
||
| 999 |
_c1235650 _d1235650 |
||